| 000 | 00707nam a22002057a 4500 | ||
|---|---|---|---|
| 003 | OSt | ||
| 005 | 20250625024918.0 | ||
| 008 | 250625b |||||||| |||| 00| 0 eng d | ||
| 020 | _a978-93-5115-567-6 | ||
| 040 |
_aDWCL - Main lib _cOC |
||
| 082 | _aCirc. 647.9473 B399 2015 | ||
| 245 | _a Bed and breakfast startup/ | ||
| 260 |
_aUAE : _b3G e learning , _cc2015. |
||
| 300 |
_aiv , 84 pages : _b illustrations ; 23+ 1 videodisc DVD : sound, color, _c 4 3/4 in. |
||
| 504 | _aIncludes bibliographical references | ||
| 650 | _a1. Bed and breakfast accommodations -- management | ||
| 650 | _a2. Hotel management | ||
| 650 | _a3. New Business enterprise -- Management | ||
| 942 |
_2ddc _cBK-CIRC _kCirc. _n0 |
||
| 999 |
_c3266 _d3266 |
||